Wangari's trees of peace : (Record no. 1391)

MARC details
000 -LEADER
fixed length control field 01314cam a2200313 a 4500
005 - DATE AND TIME OF LATEST TRANSACTION
control field 20250724115613.0
020 ## - INTERNATIONAL STANDARD BOOK NUMBER
International Standard Book Number 9780152065454 (reinforced)
020 ## - INTERNATIONAL STANDARD BOOK NUMBER
International Standard Book Number 0152065458 (reinforced)
040 ## - CATALOGING SOURCE
Original cataloging agency DLC
Transcribing agency DLC
Modifying agency BTCTA
-- BAKER
-- TEF
-- DLC
050 00 - LIBRARY OF CONGRESS CALL NUMBER
Classification number SB63.M22
Item number W56 2008
082 00 - DEWEY DECIMAL CLASSIFICATION NUMBER
Classification number 333.72092
-- B
Edition number 22
100 1# - MAIN ENTRY--PERSONAL NAME
Personal name Winter, Jeanette.
245 10 - TITLE STATEMENT
Title Wangari's trees of peace :
Remainder of title a true story from Africa /
Statement of responsibility, etc. Jeanette Winter.
260 ## - PUBLICATION, DISTRIBUTION, ETC.
Place of publication, distribution, etc. New York :
Name of publisher, distributor, etc. Scholastic,
Date of publication, distribution, etc. 2008.
300 ## - PHYSICAL DESCRIPTION
Extent 30 unnumbered pages :
Other physical details color illustrations ;
Dimensions 28 cm.
505 ## - FORMATTED CONTENTS NOTE
Formatted contents note K
520 ## - SUMMARY, ETC.
Summary, etc. This true story of Wangari Maathai, environmentalist and winner of the Nobel Peace Prize, is a shining example of how one woman's passion, vision, and determination inspired great change.
521 ## - TARGET AUDIENCE NOTE
Target audience note 600 <br/>
Source Lexile AD<br/>
521 ## - TARGET AUDIENCE NOTE
Target audience note K <br/>
Source Raz-Plus
650 #0 - SUBJECT ADDED ENTRY--TOPICAL TERM
Topical term or geographic name entry element Tree planters (Persons)
Geographic subdivision Kenya
Form subdivision Biography
-- Juvenile literature.
650 #0 - SUBJECT ADDED ENTRY--TOPICAL TERM
Topical term or geographic name entry element Women conservationists
Geographic subdivision Kenya
Form subdivision Biography
-- Juvenile literature.
650 #0 - SUBJECT ADDED ENTRY--TOPICAL TERM
Topical term or geographic name entry element Women politicians
Geographic subdivision Kenya
Form subdivision Biography
-- Juvenile literature.
650 #1 - SUBJECT ADDED ENTRY--TOPICAL TERM
Topical term or geographic name entry element Tree planters (Persons)
Geographic subdivision Kenya
Form subdivision Biography.
650 #1 - SUBJECT ADDED ENTRY--TOPICAL TERM
Topical term or geographic name entry element Women conservationists
Geographic subdivision Kenya
Form subdivision Biography.
650 #1 - SUBJECT ADDED ENTRY--TOPICAL TERM
Topical term or geographic name entry element Women politicians
Geographic subdivision Kenya
Form subdivision Biography.
906 ## - LOCAL DATA ELEMENT F, LDF (RLIN)
a 7
b cbc
c orignew
d 1
e ecip
f 20
g y-gencatlg
942 ## - ADDED ENTRY ELEMENTS (KOHA)
Source of classification or shelving scheme Library of Congress Classification
Koha item type Books
Suppress in OPAC No
999 ## -
-- 1391
-- 1391
Holdings
Withdrawn status Lost status Source of classification or shelving scheme Damaged status Not for loan Collection Home library Current library Shelving location Date acquired Total Checkouts Full call number Barcode Date last seen Date last checked out Price effective from Koha item type Copy number
    Dewey Decimal Classification     Non-Fiction Footprints International School Library Network Toul Kork Campus Footprints International School Library Network Toul Kork Campus TK Primary Library Room(4th Floor), Bookcase 5&6, Shelves 33-56, Orange Books 08/23/2023 1 WIN 333.72092 SB63.M22 FISBK06194 10/19/2023 09/28/2023 08/23/2023 Books  
    Dewey Decimal Classification     Non-Fiction Footprints International School Library Network Toul Tom Poung Campus Footprints International School Library Network Toul Tom Poung Campus TTP Primary Orange Bookshelves 07/24/2025   WIN 333.72092 SB63.M22 FIS02481 07/24/2025   07/24/2025 Books 2